00906pam a2200301 a 45000010005000000030006000050050017000110080041000280100017000690200017000860200018001030400023001210500014001440820008001581000022001662450077001882500044002652600035003093000058003444400028004025050006004305200049004365210017004855210019005026500020005216500022005417000041005634337FISKH20250815123301.0930416s1994 nyua j 000 1 eng  a 93019732  a0590475630 : a9780590475631 aDLCcDLCdDLCbeng aPZ8.M127  a8131 aMaccarone, Grace.10aPizza party /cby Grace Maccarone ; illustrated by Emily Arnold McCully. bThis edition first printing, July 2008  aNew York :bScholastic,c1994. a30 unnumbered pages : bcolor illustrations ; c23 cm 0aHello, reader!nLevel 1 aC aA group of children have fun making a pizza.8 a90 bLexile 8 aC bRaz-Plus  1aPizzaxFiction. 1aStories in rhyme.1 aMcCully, Emily Arnold,eillustrator